| 000 | 00599cam a2200145 a 4500 | ||
|---|---|---|---|
| 001 | 000014553 | ||
| 005 | 20200929163852.0 | ||
| 008 | 990928s1999 dr r 000 0 spa d | ||
| 040 |
_aDO-SdBNP _bspa _cBNPHU |
||
| 082 |
_axxxx _bxxxx |
||
| 245 | 0 | 0 |
_aUna revolución solo puede ser hija de la cultura y las ideas / _cFidel Castro. |
| 260 |
_aSanto Domingo : _b[s. n.], _c1999. |
||
| 300 |
_a107 p. ; _c24 cm. |
||
| 500 | _aDiscurso pronunciado por el presidente del Consejo de Estado de la República de Cuba Fidel Castro Ruz, en el Aula Magna de la Universidad Central de Venezuela, 3 de febrero de 1999. | ||
| 999 |
_c14140 _d14140 |
||